| 000 | 01030nam a22003257a 4500 | ||
|---|---|---|---|
| 001 | 6214 | ||
| 003 | FISKH | ||
| 005 | 20250331084016.0 | ||
| 008 | 250331b cb ||||| |||| 00| 0 eng d | ||
| 020 | _a9780545461870 | ||
| 040 |
_aDLC _cDLC _dDLC _beng |
||
| 050 | _a PZ7.P2185 G | ||
| 082 | _a813.54 | ||
| 100 | 1 |
_aParish, Herman _d(1953–2024) |
|
| 245 | 1 | 0 |
_aGo west, Amelia Bedelia! / _cby Herman Parish ; pictures by Lynn Sweat |
| 250 | _aThis edition first published in 2012 | ||
| 260 |
_aNew York : _bScholastic, _c2011. |
||
| 300 |
_a64 pages : _bcolor illustrations ; _c23 cm |
||
| 505 | _aN | ||
| 520 | _aAmelia Bedelia, the literal-minded housekeeper, takes a vacation at her Uncle Buck's dude ranch. | ||
| 521 | 8 |
_a560
_bLexile |
|
| 521 | 8 |
_aN
_bRaz-Plus |
|
| 650 | 1 |
_aDude ranches _vFiction. |
|
| 650 | 1 |
_aRanch life _vFiction. |
|
| 650 | 1 |
_aUncles _vFiction. |
|
| 700 | 1 |
_aSweat, Lynn, _eillustrator |
|
| 906 |
_a7 _bcbc _corignew _d1 _eecip _f20 _gy-gencatlg |
||
| 942 |
_2ddc _cBK _n0 |
||
| 999 |
_c6214 _d6214 |
||